تخطي إلى المحتوى

Учебное пособие для практических занятий и самостоятельной работы по дисциплине «Экономика, организация, основы маркетинга в перерабатывающей промышленности» для студентов направлений 110500.62 и 111900.62 «Ветеринарно-санитарная экспертиза» очной и заочн

محفوظ في:
التفاصيل البيبلوغرافية
التنسيق: Книга
اللغة:Russian
منشور في: Уссурийск Приморская ГСХА 2013
الوصول للمادة أونلاين:http://e.lanbook.com/books/element.php?pl1_id=69607
https://e.lanbook.com/img/cover/book/69607.jpg
الوسوم: إضافة وسم
لا توجد وسوم, كن أول من يضع وسما على هذه التسجيلة!
LEADER 01235nam0a2200205 i 4500
001 69607
003 RuSpLAN
005 20221220173943.0
008 221220s2013 ru gs 000 0 rus
040 |a RuSpLAN 
041 0 |a rus 
044 |a ru 
245 0 0 |a Учебное пособие для практических занятий и самостоятельной работы по дисциплине «Экономика, организация, основы маркетинга в перерабатывающей промышленности» для студентов направлений 110500.62 и 111900.62 «Ветеринарно-санитарная экспертиза» очной и заочн 
260 |a Уссурийск  |b Приморская ГСХА  |c 2013 
300 |a 77 с. 
504 |a Библиогр.: доступна в карточке книги, на сайте ЭБС Лань 
521 8 |a Книга из коллекции Приморская ГСХА - Ветеринария и сельское хозяйство 
856 4 |u http://e.lanbook.com/books/element.php?pl1_id=69607 
856 4 8 |u https://e.lanbook.com/img/cover/book/69607.jpg 
953 |a https://e.lanbook.com/img/cover/book/69607.jpg